1998 1244 1489 1104 1323 1625 1929 1099 1832 1004 1112 1881 1042 1068 1486 1455 1155 1176 1162 1546 1040 1125 1589 1746 1020 1710 1320 1048 1812 1834 1146 1781 1989 1946 1238 1635 1663 1247 1987 1672 1744 1139 1974 1426 1304 1082 1549 1751 1821 1688 1188 1337 1083 1102 1579 1077 1155 1386 1404 1914 1072 1158 1860 1159 1606 1740 1170 1644 1662 1324 1520 1563 1618 1805 1762 1731 1715 1456 1799 1255 1462 1197 1071 1886 1588 1975 1611 1783 1486 1250 1306 1081 1870 1596 1153 1072 1846 1248 1111 BCNSPRNW ULIB Ver.6.0+V

เปลี่ยนเป็นภาษาไทย

Change to English
 แสดงรายละเอียดบรรณานุกรม
  กลับหน้าหลัก

Brief Record : Get Marc (ISO 2709) : E-mail record : QR code < ปิดหน้าต่าง
LEADER : 00000nam 2200000uu 4500
001    13399125127
003     ULIB
008    161003s2559||||th 000 0 tha d
020    ^a9786167930022
050  4 ^aBQ4570^bช177ท
100 0  ^aชยสาโร ภิกขุ
245 10 ^aทำไม /^cชยสาโร ภิกขุ
250    ^aพิมพ์ครั้งที่ 3
260    ^aกรุงเทพฯ :^bมูลนิธิปัญญาประทีป หรือ โรงเรียนทอสี,^c2559
300    ^a135 หน้า :^bภาพประกอบ ;^c21 ซม.
945    ^p0^l0^i001363
999    ^aวรรณษา ชูชัยมงคล
รายการนี้ยังไม่มีแท็ก
คุณยังไม่ได้ล็อกอิน คุณสามารถมีกิจกรรมร่วมกับเว็บไซต์ได้ แต่ต้องล็อกอินก่อน ::
  ล็อกอิน

รายการสื่อสารสนเทศ

ลำดับที่ ประเภท เลขเรียก/บาร์โค้ด สถานที่ สถานะ
1. วิทยาศาสตร์การแพทย์ และสุขภาพ
วิทยาศาสตร์การแพทย์ และสุขภาพ
BQ4570 ช177ท ฉ.1 
  Barcode: 001363
ห้องสมุดวิทยาเขตสวรรค์ประชารักษ์
►หนังสือทั่วไป
บนชั้น

รายการใกล้เคียง
    ผู้แต่ง [ชยสาโร ภิกขุ]

BibComment


ยังไม่เคยถูกคอมเมนท์

คอมเมนท์ทรัพยากรรายการนี้
  คอมเมนท์: ทำไม ชยสาโร ภิกขุ


 Copyright 2026. Bcnsprnw @Library